Bytový dom s polyfunkciou Weinhauerhaus

Saved in:
Bibliographic Details
Main Author: Kollárová, Veronika (Author)
Other Authors: Jankovichová, Eva (Thesis advisor)
Format: Manuscript Book
Language:Slovak
Published: 2017
Subjects:
Online Access:http://is.stuba.sk/zp/portal_zp.pl?podrobnosti=125375
https://opac.crzp.sk/?fn=detailBiblioForm&sid=4B7A8F8230E492173215668DC396
Tags: Add Tag
No Tags, Be the first to tag this record!

MARC

LEADER 00000ntm a22000003a 4500
001 stuzp63854
003 SK-STU
005 20230814114022.2
007 ta
008 150427s2015----xo-----f-mn---000-0-slo-d
040 |a STU  |b slo 
041 0 |a slo 
100 1 |a Kollárová, Veronika  |u 010270  |4 aut  |U SvF Stavebná fakulta  |T SvF Katedra technológie stavieb  |X 7801  |U V270  |Y 28  |7 7801 
242 0 1 |a Weinhauerhouse apartment building in Bratislava  |y eng 
245 1 0 |a Bytový dom s polyfunkciou Weinhauerhaus 
260 |c 2017 
650 4 |a plochá strecha  |2 slo 
650 4 |a Weinhauerhaus  |2 slo 
650 4 |a zateplenie  |2 slo 
650 4 |a flat roof  |2 eng 
650 4 |a insulation  |2 eng 
650 4 |a Weinhauerhouse  |2 eng 
700 1 |a Jankovichová, Eva  |u 010270  |k Z1  |4 ths  |U SvF Stavebná fakulta  |T SvF Katedra technológie stavieb  |X 647  |U V270  |Y 28  |7 A000000647 
856 4 |u http://is.stuba.sk/zp/portal_zp.pl?podrobnosti=125375 
856 4 |u https://opac.crzp.sk/?fn=detailBiblioForm&sid=4B7A8F8230E492173215668DC396